Math - 15 calculations in 90 seconds - Statistics

General Stats
  • This quiz has been taken 89 times
  • The average score is 10 of 15
Answer Stats
Hint Answer % Correct
260 ÷ 20 13
100%
5 x 26 130
97%
69 + 69 138
86%
15 x 12 180
84%
123 + 185 308
84%
24 + 19 43
84%
6 x 16 96
83%
8 x 6 48
79%
45 x 8 360
64%
375 ÷ 15 25
50%
1'215 - 306 909
50%
23 x 21 483
47%
3 x 18 + 108 162
43%
2'301 - 1'402 899
43%
41 x 24 984
29%
No matching quizzes found
Score Distribution
Percent of People with Each Score
Percentile by Number Answered
Your Score History
You have not taken this quiz